Partial Differential Equations : (Record no. 189487)
[ view plain ]
| 000 -LEADER | |
|---|---|
| fixed length control field | 01820 a2200193 4500 |
| 003 - CONTROL NUMBER IDENTIFIER | |
| control field | NUST |
| 005 - DATE AND TIME OF LATEST TRANSACTION | |
| control field | 20221121130802.0 |
| 020 ## - INTERNATIONAL STANDARD BOOK NUMBER | |
| International Standard Book Number | 978-81-203-3917-0 |
| 040 ## - CATALOGING SOURCE | |
| Transcribing agency | Nust |
| 082 ## - DEWEY DECIMAL CLASSIFICATION NUMBER | |
| Classification number | 515.353,BHA |
| 100 ## - MAIN ENTRY--PERSONAL NAME | |
| Personal name | Bharma, K.S |
| 9 (RLIN) | 103264 |
| 245 ## - TITLE STATEMENT | |
| Title | Partial Differential Equations : |
| Remainder of title | An Introductory Treatment With Applications / |
| Statement of responsibility, etc. | K.S Bharma |
| 260 ## - PUBLICATION, DISTRIBUTION, ETC. | |
| Place of publication, distribution, etc. | New Delhi |
| Name of publisher, distributor, etc. | PHI Learning Private Ltd |
| Date of publication, distribution, etc. | 2010 |
| 300 ## - PHYSICAL DESCRIPTION | |
| Extent | xviii,560 p.: |
| 500 ## - GENERAL NOTE | |
| General note | |
| 505 ## - FORMATTED CONTENTS NOTE | |
| Formatted contents note | Preliminaries (Page-1), Formulation of Partial Differential Equation(Page-7), Lagrange Equations(Page-12), Cauchy Initial Value Problem for Linear First Order Equations (Page-25), Total Differential Equations (Pfaffian Equations)(Page-51), Generating Integral Surfaces of Lagrange Equation (Page-60), Orthogonal Surface to a Given System of Surfaces (Page-66), Classification of the Solution of First Order Equations (Page-75), Classification of the Nonlinear First Order Equations (Page-82), Integrals of Certain Nonlinear Equations (Standard Forms (Page-90), Cauchy Initial Value Problem for Nonlinear First Order Equations (Page-97), System of First Order Equations and Legendre Transformation (Page-119), Linear Equations with Constant Coefficients (Page-126), Discontinuous Solutions of Conservation Laws (Page-147)Transport Problems and Hamiltonian Dynamics (Page-167), Second Order Equations (Page-197), Special Types of Second Order Equations (Page-214), Classification of Second Order Linear Equations (Page-218), Wave Problems by Duhamel Principle(Page-505), Wave Problems by Green Function (Page-513), Wave Problems in Two Dimension by Green Function (Page-521), Nonlinear Effects in Wave Propagation (Page-536). |
| Miscellaneous information | |
| 650 ## - SUBJECT ADDED ENTRY--TOPICAL TERM | |
| Topical term or geographic name entry element | Partial Differential Equations An Introductory Treatment With Applications |
| 9 (RLIN) | 103265 |
| 942 ## - ADDED ENTRY ELEMENTS (KOHA) | |
| Source of classification or shelving scheme | |
| Koha item type | Book |
| Call number prefix | 515.353,BHA |
| Withdrawn status | Lost status | Source of classification or shelving scheme | Damaged status | Not for loan | Permanent Location | Current Location | Shelving location | Date acquired | Full call number | Barcode | Date last seen | Price effective from | Koha item type | Public note |
|---|---|---|---|---|---|---|---|---|---|---|---|---|---|---|
| Military College of Signals (MCS) | Military College of Signals (MCS) | General Stacks | 12/12/2016 | 515.353,BHA | MCS35121 | 12/08/2016 | 12/12/2016 | Book | Almirah No.13, Shelf No.5 |
